[Event "2nd Turkish League 2017"]
[Site "Konya"]
[Date "2017.07.23"]
[Round "9"]
[White "Oner, Oguz"]
[Black "Buker, Muhittin"]
[Result "1-0"]
[WhiteElo "1861"]
[BlackElo "2006"]
[Annotator "NA"]
[PlyCount "123"]
[EventType "team-tourn"]
[EventCountry "TUR"]
[SourceTitle "playchess.com"]
[Source "ChessBase"]
[SourceQuality "1"]
[TimeControl "5400+30"]

1. d4 {[%emt 0:00:30]} d5 {[%emt 0:01:00]} 2. Nf3 {[%emt 0:00:30]} Nf6 {[%emt 0:00:30]} 3. c4 {[%emt 0:00:30]} c6 {[%emt 0:00:00]} 4. Nc3 {[%emt 0:00:00]} e6 {[%emt 0:00:00]} 5. cxd5 {[%emt 0:00:00]} exd5 {[%emt 0:00:30]} 6. Bg5 {[%emt 0:00:00] LiveBook: 1809 Games} Be7 {[%emt 0:00:00]} 7. Qc2 {[%emt 0:02:00]} Be6 {[%emt 0:00:00]} 8. e3 {[%emt 0:01:30]} Nbd7 {[%emt 0:00:30]} 9. Bd3 {[%emt 0:00:00]} O-O {[%emt 0:01:30]} 10. O-O {[%emt 0:02:00]} Re8 {[%emt 0:00:00]} 11. Rab1 {[%emt 0:02:30]} g6 {[%emt 0:02:00]} 12. b4 {[%emt 0:03:30]} Rc8 {[%emt 0:00:30]} 13. Rfc1 {[%emt 0:11:30]} Nh5 {[%emt 0:02:30]} 14. Bxe7 {[%emt 0:02:30]} Qxe7 {[%emt 0:00:30]} 15. Na4 $11 {[%emt 0:09:30]} b6 {[%emt 0:01:30]} 16. Qb3 {[%emt 0:06:30]} Nhf6 {[%emt 0:01:30]} 17. Rc2 {[%emt 0:06:30]} Ne4 {[%emt 0:03:30]} 18. Rbc1 {[%emt 0:04:30]} c5 {[%emt 0:03:30]} 19. bxc5 {[%emt 0:05:30]} bxc5 {[%emt 0:04:30]} 20. Qa3 {[%emt 0:02:30]} c4 {[%emt 0:19:30]} 21. Qxe7 {[%emt 0:01:30]} Rxe7 {[%emt 0:00:30]} 22. Bxe4 {[%emt 0:00:30]} dxe4 {[%emt 0:00:30]} 23. Nd2 {[%emt 0:01:30]} Nb6 {[%emt 0:00:00]} 24. Nxb6 {[%emt 0:04:30]} axb6 {[%emt 0:00:00]} 25. Nxe4 {[%emt 0:00:30]} Bf5 {[%emt 0:04:30]} 26. Nd6 {[%emt 0:01:30]} Bxc2 {[%emt 0:01:30]} 27. Nxc8 {[%emt 0:00:30]} Rc7 {[%emt 0:00:00]} 28. Nxb6 {[%emt 0:13:37]} Bd3 {[%emt 0:00:00]} 29. Nd5 {[%emt 0:05:21]} Ra7 {[%emt 0:06:30]} 30. Nb4 {[%emt 0:02:22]} Ra4 {[%emt 0:01:30]} 31. Nxd3 {[%emt 0:00:37]} cxd3 {[%emt 0:00:30]} 32. Rd1 {[%emt 0:01:22]} Rxa2 {[%emt 0:03:30]} 33. f3 {[%emt 0:00:47]} Ra3 {[%emt 0:00:30]} 34. e4 {[%emt 0:01:32]} Kf8 {[%emt 0:02:30]} 35. Rd2 {[%emt 0:00:34]} Ke7 {[%emt 0:05:30]} 36. Kf2 {[%emt 0:00:23]} Ke6 {[%emt 0:00:30]} 37. Ke3 {[%emt 0:00:24]} h6 {[%emt 0:00:30]} 38. d5+ {[%emt 0:01:39]} Kd6 {[%emt 0:01:30]} 39. f4 {[%emt 0:00:47]} f6 {[%emt 0:00:30]} 40. g4 {[%emt 0:02:31]} g5 {[%emt 0:00:30]} 41. fxg5 {[%emt 0:01:22]} hxg5 {[%emt 0:00:30]} 42. h3 {[%emt 0:00:52]} Rb3 {[%emt 0:00:30]} 43. Rxd3 {[%emt 0:00:44]} Rb4 {[%emt 0:00:30]} 44. Kf3 {[%emt 0:00:38]} Rb1 {[%emt 0:00:30]} 45. Ra3 {[%emt 0:01:06]} Ke5 {[%emt 0:00:30]} 46. Ra6 {[%emt 0:01:38]} Rb3+ {[%emt 0:00:30]} 47. Kg2 {[%emt 0:00:02]} Rb2+ {[%emt 0:00:30]} 48. Kf1 {[%emt 0:00:06]} Kxe4 {[%emt 0:06:30]} 49. Rxf6 {[%emt 0:00:39]} Rd2 {[%emt 0:00:30]} 50. d6 {[%emt 0:01:59]} Rd3 {[%emt 0:00:30]} 51. Kg2 {[%emt 0:01:01]} Rd2+ {[%emt 0:00:00]} 52. Kf1 {[%emt 0:00:27]} Rd3 {[%emt 0:00:00]} 53. Rh6 {[%emt 0:00:39]} Kf3 {[%emt 0:01:30]} 54. Ke1 {[%emt 0:00:50]} Rd5 {[%emt 0:00:30]} 55. Rh5 {[%emt 0:00:20]} Kf4 {[%emt 0:01:30]} 56. Rh6 {[%emt 0:00:11]} Kf3 {[%emt 0:02:30]} 57. Rg6 {[%emt 0:00:31]} Kg3 {[%emt 0:01:30]} 58. Ke2 {[%emt 0:00:07]} Re5+ {[%emt 0:11:19]} 59. Kd3 {[%emt 0:00:14]} Kxh3 {[%emt 0:00:32]} 60. Kd4 {[%emt 0:00:14]} Ra5 {[%emt 0:00:19]} 61. d7 {[%emt 0:00:44]} Ra1 {[%emt 0:02:13]} 62. Rd6 {[%emt 0:00:11]} 1-0

[Event "2nd Turkish League 2017"]
[Site "Konya"]
[Date "2017.07.23"]
[Round "9"]
[White "Kara, Ali Barkin"]
[Black "Aytekin, Murat Eren"]
[Result "0-1"]
[WhiteElo "1843"]
[BlackElo "2201"]
[Annotator "NA"]
[PlyCount "52"]
[EventType "team-tourn"]
[EventCountry "TUR"]
[SourceTitle "playchess.com"]
[Source "ChessBase"]
[SourceQuality "1"]
[TimeControl "5400+30"]

1. e4 {[%emt 0:00:30]} c5 {[%emt 0:01:00]} 2. Nf3 {[%emt 0:00:30]} e6 {[%emt 0:00:00]} 3. b3 {[%emt 0:00:00]} a6 {[%emt 0:01:00]} 4. c4 {[%emt 0:01:00]} Nc6 {[%emt 0:00:30]} 5. Bb2 {[%emt 0:00:30]} Qc7 {[%emt 0:00:00] B40: Sicilian: 2...e6, Unusual lines} 6. Nc3 {[%emt 0:03:30] LiveBook: 26 Games} Nf6 {[%emt 0:02:00]} 7. d4 {[%emt 0:00:30]} cxd4 {[%emt 0:00:30]} 8. Nxd4 {[%emt 0:00:30]} Bb4 {[%emt 0:11:30]} 9. Nxc6 $146 {[%emt 0:06:30]} ({Predecessor:} 9. f3 Qb6 10. Nc2 Be7 11. Qd2 O-O 12. O-O-O Rd8 13. g4 {½-½ (59) Sperdokli,E (2118)-Miladinovic,I (2563) Ano Liosia 2000}) 9... bxc6 {[%emt 0:05:30]} 10. Qc2 {[%emt 0:12:30]} d5 {[%emt 0:06:30]} 11. exd5 {[%emt 0:10:30]} cxd5 {[%emt 0:00:30]} 12. O-O-O {[%emt 0:04:30]} dxc4 {[%emt 0:05:30]} 13. Bxc4 {[%emt 0:00:00]} Bb7 {[%emt 0:03:30]} 14. f3 {[%emt 0:06:00]} O-O {[%emt 0:00:30]} 15. Kb1 {[%emt 0:10:30]} Rfd8 {[%emt 0:03:30]} 16. h4 {[%emt 0:10:30]} h6 {[%emt 0:05:30]} 17. Qe2 {[%emt 0:09:30]} Nh5 {[%emt 0:06:30]} 18. Ne4 {[%emt 0:01:30]} Bf8 {[%emt 0:02:30]} 19. Rhe1 {[%emt 0:02:23]} a5 {[%emt 0:02:30]} 20. g4 $15 {[%emt 0:02:46]} Ng3 {[%emt 0:01:30]} 21. Nxg3 {[%emt 0:07:32]} Qxg3 {[%emt 0:00:30]} 22. Bxe6 {[%emt 0:02:09]} fxe6 {[%emt 0:09:30]} 23. Qxe6+ {[%emt 0:00:06]} Kh7 {[%emt 0:00:30]} 24. h5 {[%emt 0:02:22]} Qxf3 {[%emt 0:00:30]} 25. Qg6+ {[%emt 0:03:55]} Kg8 {[%emt 0:00:30]} 26. Rc1 {[%emt 0:01:01]} Qd3+ {[%emt 0:00:30]} 0-1

[Event "2nd Turkish League 2017"]
[Site "Konya"]
[Date "2017.07.23"]
[Round "9"]
[White "Bedel, Sercan Sahin"]
[Black "Ataman, Alper Efe"]
[Result "0-1"]
[WhiteElo "1768"]
[BlackElo "2175"]
[Annotator "NA"]
[PlyCount "82"]
[EventType "team-tourn"]
[EventCountry "TUR"]
[SourceTitle "playchess.com"]
[Source "ChessBase"]
[SourceQuality "1"]
[TimeControl "5400+30"]

1. e4 {[%emt 0:00:30]} e5 {[%emt 0:01:00]} 2. Nf3 {[%emt 0:00:00]} Nc6 {[%emt 0:00:30]} 3. d3 {[%emt 0:00:00]} Nf6 {[%emt 0:01:30]} 4. Be2 {[%emt 0:02:30]} d5 {[%emt 0:01:30]} 5. Nbd2 {[%emt 0:00:30]} Bc5 {[%emt 0:02:30]} 6. O-O {[%emt 0:00:30]} O-O {[%emt 0:00:30]} 7. c3 {[%emt 0:00:00]} Bb6 {[%emt 0:01:30] LiveBook: 3 Games C44: Ponziani Opening and Scotch Gambit} (7... a5 8. a4 Re8 9. Qc2 h6 10. h3 Be6 11. Re1 d4 12. Nf1 Nd7 13. Ng3 Bf8 14. cxd4 exd4 15. Nd2 Nc5 16. b3 {½-½ (78) Grischuk,A (2761)-Caruana,F (2808) Paris 2017}) 8. b4 {[%emt 0:09:00]} d4 {[%emt 0:07:30]} 9. c4 {[%emt 0:02:30]} Nxb4 {[%emt 0:02:30]} 10. Nxe5 {[%emt 0:02:30]} Re8 {[%emt 0:01:30]} 11. f4 $146 {[%emt 0:00:30]} ({Predecessor:} 11. Nef3 c5 12. a3 Nc6 13. Nb3 Qd6 14. Bg5 Bc7 15. Re1 {0-1 (62) Priborsky,I (2033)-Jaros,M (1665) Frymburk 2002}) 11... a5 {[%emt 0:06:30]} 12. a4 {[%emt 0:03:30]} Nd7 {[%emt 0:04:30]} 13. Nxd7 {[%emt 0:05:30]} Bxd7 {[%emt 0:01:30]} 14. Kh1 {[%emt 0:04:30]} f5 {[%emt 0:00:30]} 15. e5 {[%emt 0:01:30]} Bc6 {[%emt 0:05:30]} 16. Nb3 {[%emt 0:05:30]} Re6 {[%emt 0:07:30]} 17. c5 {[%emt 0:04:30]} Bxc5 {[%emt 0:07:30]} 18. Bf3 {[%emt 0:05:30]} Bb6 {[%emt 0:01:30]} 19. Ba3 {[%emt 0:07:30]} Nd5 {[%emt 0:00:30]} 20. Nc5 {[%emt 0:04:30]} Bxc5 {[%emt 0:00:30]} 21. Bxc5 {[%emt 0:00:00]} Ne3 {[%emt 0:00:00]} 22. Qb3 {[%emt 0:01:00]} Qe8 {[%emt 0:04:00]} 23. Bxd4 {[%emt 0:06:30]} Nxf1 {[%emt 0:00:30]} 24. Rxf1 {[%emt 0:00:30]} Kh8 {[%emt 0:02:30]} 25. Bc3 $19 {[%emt 0:00:30]} (25. Bxc6 $142 Qxc6 26. Be3) 25... Bxf3 {[%emt 0:03:30]} 26. Rxf3 {[%emt 0:00:30]} Rb6 {[%emt 0:00:30]} 27. Qd1 {[%emt 0:04:30]} Qxa4 {[%emt 0:00:30]} 28. Qe1 {[%emt 0:00:30]} Qc2 {[%emt 0:00:30]} 29. Rf1 {[%emt 0:00:30]} Qxd3 {[%emt 0:08:30]} 30. h3 {[%emt 0:00:30]} a4 {[%emt 0:01:30]} 31. Kh2 {[%emt 0:00:30]} Qd5 {[%emt 0:00:30]} 32. Rf3 {[%emt 0:01:30]} a3 {[%emt 0:01:30]} 33. Ba1 {[%emt 0:01:30]} Re6 {[%emt 0:01:30]} 34. Qb4 {[%emt 0:01:30]} h6 {[%emt 0:04:30]} 35. Rxa3 {[%emt 0:01:30]} Rxa3 {[%emt 0:00:30]} 36. Qxa3 {[%emt 0:01:30]} Qe4 {[%emt 0:00:30]} 37. Qg3 {[%emt 0:05:29]} Kh7 {[%emt 0:00:30]} 38. h4 {[%emt 0:01:24]} Rg6 {[%emt 0:00:30]} 39. Qf2 {[%emt 0:00:31]} Rg4 {[%emt 0:00:00]} 40. g3 {[%emt 0:00:39]} Rg6 {[%emt 0:00:00]} 41. e6 {[%emt 0:02:20]} Rxe6 {[%emt 0:00:30]} 0-1

[Event "2nd Turkish League 2017"]
[Site "Konya"]
[Date "2017.07.23"]
[Round "9"]
[White "Keskin, Suara"]
[Black "Tosun, Ayse Sena"]
[Result "1-0"]
[WhiteElo "1716"]
[BlackElo "1305"]
[Annotator "NA"]
[PlyCount "61"]
[EventType "team-tourn"]
[EventCountry "TUR"]
[SourceTitle "playchess.com"]
[Source "ChessBase"]
[SourceQuality "1"]
[TimeControl "5400+30"]

1. Nf3 {[%emt 0:00:30]} Nf6 {[%emt 0:01:00]} 2. d4 {[%emt 0:00:00]} g6 {[%emt 0:00:30]} 3. Bf4 {[%emt 0:00:00]} d6 {[%emt 0:01:30]} 4. e3 {[%emt 0:00:00]} Bg7 {[%emt 0:00:30]} 5. Be2 {[%emt 0:00:00]} Nbd7 {[%emt 0:01:30]} 6. O-O {[%emt 0:07:30]} O-O {[%emt 0:00:30]} 7. h3 {[%emt 0:01:30]} Re8 {[%emt 0:02:30]} 8. c3 {[%emt 0:00:30]} b6 {[%emt 0:06:30]} 9. Nbd2 {[%emt 0:09:30]} Bb7 {[%emt 0:03:30]} 10. Bh2 {[%emt 0:04:30]} c5 {[%emt 0:07:30]} 11. Qb3 {[%emt 0:04:30]} h6 {[%emt 0:03:30]} 12. Bd3 {[%emt 0:10:30]} g5 {[%emt 0:05:30]} 13. Rad1 {[%emt 0:06:30]} d5 {[%emt 0:04:30]} 14. Bb1 {[%emt 0:01:30]} e6 {[%emt 0:10:30]} 15. Ne5 {[%emt 0:03:30]} Qe7 {[%emt 0:10:30]} 16. Qc2 {[%emt 0:01:30]} Nf8 {[%emt 0:03:30]} 17. f4 {[%emt 0:02:30]} Ne4 {[%emt 0:02:30]} 18. fxg5 {[%emt 0:01:30]} Bxe5 {[%emt 0:03:30]} 19. Bxe5 {[%emt 0:00:30]} Qxg5 {[%emt 0:01:30]} 20. Rf3 {[%emt 0:17:30]} Ng6 {[%emt 0:03:30]} 21. Nxe4 {[%emt 0:03:30]} dxe4 {[%emt 0:00:30]} 22. Bf6 {[%emt 0:01:30]} Qd5 {[%emt 0:05:30]} 23. Rg3 {[%emt 0:04:03]} Qc6 {[%emt 0:04:03]} 24. h4 {[%emt 0:03:10]} Kf8 {[%emt 0:01:46]} 25. h5 {[%emt 0:00:16]} e5 {[%emt 0:02:37]} 26. hxg6 {[%emt 0:00:50]} Qxf6 {[%emt 0:00:08]} 27. gxf7 {[%emt 0:00:27]} Red8 {[%emt 0:01:09]} 28. Rf1 {[%emt 0:00:44]} Qh4 {[%emt 0:00:49]} 29. Qf2 {[%emt 0:00:07]} Ke7 {[%emt 0:01:10]} 30. f8=Q+ {[%emt 0:00:12]} Rxf8 {[%emt 0:00:25]} 31. Rg7+ {[%emt 0:00:03]} 1-0

[Event "2nd Turkish League 2017"]
[Site "Konya"]
[Date "2017.07.23"]
[Round "9"]
[White "Koc, Dogan Mehmet"]
[Black "Bolu, Yagmur"]
[Result "1/2-1/2"]
[WhiteElo "1712"]
[BlackElo "1464"]
[Annotator "NA"]
[PlyCount "60"]
[EventType "team-tourn"]
[EventCountry "TUR"]
[SourceTitle "playchess.com"]
[Source "ChessBase"]
[SourceQuality "1"]
[TimeControl "5400+30"]

1. e4 {[%emt 0:00:30]} g6 {[%emt 0:01:00]} 2. g3 {[%emt 0:00:30]} Bg7 {[%emt 0:00:00]} 3. Bg2 {[%emt 0:00:00]} c6 {[%emt 0:00:00]} 4. d4 {[%emt 0:00:00]} d6 {[%emt 0:01:30]} 5. Nf3 {[%emt 0:00:00]} Nf6 {[%emt 0:00:30]} 6. Nbd2 {[%emt 0:00:00]} O-O {[%emt 0:00:00]} 7. O-O {[%emt 0:00:00]} Bg4 {[%emt 0:00:00]} 8. h3 {[%emt 0:01:00]} Bxf3 {[%emt 0:00:30]} 9. Qxf3 {[%emt 0:00:00]} Nbd7 {[%emt 0:00:30]} 10. c4 {[%emt 0:00:00]} e5 {[%emt 0:01:30]} 11. d5 {[%emt 0:00:30]} cxd5 {[%emt 0:00:30]} 12. cxd5 {[%emt 0:00:30]} Qc7 {[%emt 0:00:30]} 13. Nb3 {[%emt 0:01:30]} Rac8 {[%emt 0:04:30]} 14. Bd2 {[%emt 0:00:00]} Nb6 {[%emt 0:00:30]} 15. Ba5 {[%emt 0:00:00]} Qe7 {[%emt 0:01:30]} 16. Bxb6 {[%emt 0:00:30]} axb6 {[%emt 0:00:30]} 17. Rac1 {[%emt 0:00:30]} Bh6 {[%emt 0:00:30]} 18. Rxc8 {[%emt 0:00:30]} Rxc8 {[%emt 0:00:30]} 19. Qd3 {[%emt 0:00:30]} Qc7 {[%emt 0:00:30]} 20. Qb5 {[%emt 0:00:30]} Nd7 {[%emt 0:04:30]} 21. h4 {[%emt 0:02:30]} Nc5 {[%emt 0:02:30]} 22. Bh3 {[%emt 0:00:30]} Ra8 {[%emt 0:01:30]} 23. Nxc5 {[%emt 0:00:30]} bxc5 {[%emt 0:00:00]} 24. a4 {[%emt 0:00:30]} Bd2 {[%emt 0:06:00]} 25. b3 {[%emt 0:01:30]} Qe7 {[%emt 0:01:30]} 26. Qd7 {[%emt 0:00:30]} Qxd7 {[%emt 0:00:30]} 27. Bxd7 {[%emt 0:00:30]} b6 {[%emt 0:00:30]} 28. Kg2 {[%emt 0:00:30]} Ra7 {[%emt 0:00:30]} 29. Bh3 {[%emt 0:00:30]} Re7 {[%emt 0:00:30]} 30. g4 {[%emt 0:00:30]} Kg7 {[%emt 0:01:30]} 1/2-1/2

[Event "2nd Turkish League 2017"]
[Site "Konya"]
[Date "2017.07.23"]
[Round "9"]
[White "Demir, Utku Deniz"]
[Black "Turkmen, Huseyin Nafizhan"]
[Result "1/2-1/2"]
[WhiteElo "1680"]
[BlackElo "1817"]
[Annotator "NA"]
[PlyCount "99"]
[EventType "team-tourn"]
[EventCountry "TUR"]
[SourceTitle "playchess.com"]
[Source "ChessBase"]
[SourceQuality "1"]
[TimeControl "5400+30"]

1. e4 {[%emt 0:00:30]} d6 {[%emt 0:01:00]} 2. d4 {[%emt 0:00:30]} Nf6 {[%emt 0:00:30]} 3. Nc3 {[%emt 0:00:00]} g6 {[%emt 0:00:30]} 4. Nf3 {[%emt 0:00:00]} Bg7 {[%emt 0:00:00]} 5. Bg5 {[%emt 0:00:00]} O-O {[%emt 0:00:00] LiveBook: 24 Games} 6. Qe2 $11 {[%emt 0:00:00]} h6 {[%emt 0:06:30]} 7. Be3 {[%emt 0:02:30]} c6 {[%emt 0:02:30]} 8. Qd2 {[%emt 0:07:30]} Kh7 {[%emt 0:03:30]} 9. h3 {[%emt 0:05:30]} b5 {[%emt 0:08:30]} 10. Bd3 {[%emt 0:01:30]} Nbd7 {[%emt 0:08:30]} 11. O-O-O {[%emt 0:05:30]} b4 {[%emt 0:15:30]} 12. Ne2 {[%emt 0:00:30]} Qa5 {[%emt 0:00:30]} 13. Kb1 {[%emt 0:01:30]} Nb6 {[%emt 0:05:30]} 14. c3 {[%emt 0:13:30]} Be6 {[%emt 0:06:30]} 15. b3 {[%emt 0:04:30]} bxc3 {[%emt 0:06:30]} 16. Qxc3 {[%emt 0:02:30]} Qxc3 {[%emt 0:00:30]} 17. Nxc3 {[%emt 0:00:30]} Rfb8 {[%emt 0:06:30]} 18. Kc2 {[%emt 0:01:30]} a5 {[%emt 0:02:30]} 19. a4 {[%emt 0:03:30]} Ra7 {[%emt 0:02:30]} 20. Nd2 {[%emt 0:02:30]} Rc7 {[%emt 0:02:30]} 21. f4 {[%emt 0:03:30]} d5 {[%emt 0:06:10]} 22. e5 {[%emt 0:10:30]} Nfd7 {[%emt 0:00:23]} 23. g4 {[%emt 0:00:30]} c5 {[%emt 0:02:01]} 24. f5 {[%emt 0:05:30]} cxd4 {[%emt 0:00:22]} 25. Bxd4 {[%emt 0:00:30]} Bxe5 {[%emt 0:00:15]} 26. Nf3 {[%emt 0:00:30]} Bxd4 {[%emt 0:10:45]} 27. Nxd4 {[%emt 0:00:30]} Rbc8 {[%emt 0:00:30]} 28. Ndb5 {[%emt 0:00:30]} d4 {[%emt 0:00:32]} 29. fxe6 {[%emt 0:00:00]} Rxc3+ {[%emt 0:00:13]} 30. Nxc3 {[%emt 0:00:00]} Rxc3+ {[%emt 0:00:00]} 31. Kb2 {[%emt 0:01:30]} fxe6 {[%emt 0:00:06]} 32. h4 {[%emt 0:01:30]} Nc5 {[%emt 0:01:55]} 33. Bc2 {[%emt 0:01:30]} e5 {[%emt 0:01:44]} 34. h5 {[%emt 0:01:30]} Nd5 {[%emt 0:00:37]} 35. Bxg6+ {[%emt 0:00:30]} Kg7 {[%emt 0:00:25]} 36. Rhf1 {[%emt 0:02:30]} Rxb3+ {[%emt 0:00:38]} 37. Ka1 {[%emt 0:02:30]} Nxa4 {[%emt 0:00:50]} 38. Rf7+ {[%emt 0:01:30]} Kg8 {[%emt 0:00:02]} 39. Rdf1 {[%emt 0:00:30]} Ra3+ {[%emt 0:01:39]} 40. Kb1 {[%emt 0:00:30]} Nac3+ {[%emt 0:00:08]} 41. Kb2 {[%emt 0:00:30]} Ra2+ {[%emt 0:00:01]} 42. Kb3 {[%emt 0:00:30]} a4+ {[%emt 0:00:30]} 43. Kc4 {[%emt 0:00:30]} Ne3+ {[%emt 0:00:00]} 44. Kd3 {[%emt 0:00:00]} Nxf1 {[%emt 0:00:54]} 45. Rxf1 {[%emt 0:00:00]} Rg2 {[%emt 0:00:00]} 46. Bf5 {[%emt 0:03:03]} a3 {[%emt 0:02:01]} 47. Be6+ {[%emt 0:00:07]} Kh7 {[%emt 0:00:29]} 48. Rf7+ {[%emt 0:00:30]} Kh8 {[%emt 0:00:00]} 49. Rf8+ {[%emt 0:00:14]} Kg7 {[%emt 0:00:15]} 50. Rf7+ {[%emt 0:00:00]} 1/2-1/2

[Event "2nd Turkish League 2017"]
[Site "Konya"]
[Date "2017.07.23"]
[Round "9"]
[White "Kahya, Gizem"]
[Black "Simsek, Meltem"]
[Result "1/2-1/2"]
[WhiteElo "1634"]
[BlackElo "1752"]
[Annotator "NA"]
[PlyCount "65"]
[EventType "team-tourn"]
[EventCountry "TUR"]
[SourceTitle "playchess.com"]
[Source "ChessBase"]
[SourceQuality "1"]
[TimeControl "5400+30"]

1. d4 {[%emt 0:00:30]} d5 {[%emt 0:01:00]} 2. c4 {[%emt 0:00:30]} c6 {[%emt 0:00:00]} 3. cxd5 {[%emt 0:00:00]} cxd5 {[%emt 0:00:00]} 4. Nc3 {[%emt 0:01:00]} Nc6 {[%emt 0:00:30]} 5. Nf3 {[%emt 0:00:00]} Nf6 {[%emt 0:00:30]} 6. Bf4 {[%emt 0:00:00]} Bf5 {[%emt 0:03:30]} 7. e3 {[%emt 0:03:30]} e6 {[%emt 0:01:30]} 8. Bd3 {[%emt 0:01:30]} Bxd3 {[%emt 0:00:30]} 9. Qxd3 {[%emt 0:00:30]} Bd6 {[%emt 0:00:30]} 10. Bxd6 {[%emt 0:00:00]} Qxd6 {[%emt 0:00:00]} 11. O-O {[%emt 0:01:00]} O-O {[%emt 0:00:00]} 12. Rfc1 {[%emt 0:00:30]} Rfc8 {[%emt 0:12:30]} 13. h3 {[%emt 0:04:30]} h6 {[%emt 0:02:30]} 14. Ne2 {[%emt 0:01:30]} Ne7 {[%emt 0:05:30]} 15. Rxc8+ {[%emt 0:00:30]} Rxc8 {[%emt 0:00:30]} 16. Rc1 {[%emt 0:05:30]} Rxc1+ {[%emt 0:03:30]} 17. Nxc1 {[%emt 0:02:30]} Nd7 {[%emt 0:04:30]} 18. Ne2 {[%emt 0:01:30]} Qc7 {[%emt 0:00:30]} 19. Qc3 {[%emt 0:00:00]} Qxc3 {[%emt 0:00:30]} 20. Nxc3 {[%emt 0:00:00]} a6 {[%emt 0:00:00]} 21. Kf1 {[%emt 0:00:00]} Kf8 {[%emt 0:00:00]} 22. Ke2 {[%emt 0:00:00]} Ke8 {[%emt 0:00:00]} 23. Kd3 {[%emt 0:00:30]} Nc6 {[%emt 0:00:00]} 24. a3 {[%emt 0:00:00]} Ke7 {[%emt 0:00:00]} 25. Nd2 {[%emt 0:00:00]} Kd6 {[%emt 0:00:00]} 26. Nb3 {[%emt 0:00:30]} f6 {[%emt 0:00:30]} 27. f3 {[%emt 0:00:30]} g6 {[%emt 0:00:30]} 28. Nd2 {[%emt 0:00:00]} Ne7 {[%emt 0:00:00]} 29. g3 {[%emt 0:00:00]} h5 {[%emt 0:00:00]} 30. b3 {[%emt 0:00:00]} Nc6 {[%emt 0:00:00]} 31. Ndb1 {[%emt 0:01:00]} b6 {[%emt 0:00:00]} 32. Nd2 {[%emt 0:00:00]} Ne7 {[%emt 0:00:30]} 33. Ndb1 {[%emt 0:00:00]} 1/2-1/2

[Event "2nd Turkish League 2017"]
[Site "Konya"]
[Date "2017.07.23"]
[Round "9"]
[White "Ozcan, Ilker"]
[Black "Ozdemir, Ali"]
[Result "1/2-1/2"]
[WhiteElo "1565"]
[BlackElo "1762"]
[Annotator "NA"]
[PlyCount "60"]
[EventType "team-tourn"]
[EventCountry "TUR"]
[SourceTitle "playchess.com"]
[Source "ChessBase"]
[SourceQuality "1"]
[TimeControl "5400+30"]

1. d4 {[%emt 0:00:30]} d5 {[%emt 0:01:00]} 2. Nf3 {[%emt 0:00:00]} Nf6 {[%emt 0:00:00]} 3. g3 {[%emt 0:00:00]} g6 {[%emt 0:02:00]} 4. Bg2 {[%emt 0:00:00]} Bg7 {[%emt 0:01:30]} 5. O-O {[%emt 0:04:00]} O-O {[%emt 0:06:30]} 6. c4 {[%emt 0:01:30]} c6 {[%emt 0:01:30]} 7. cxd5 {[%emt 0:00:30]} cxd5 {[%emt 0:01:30]} 8. Nc3 {[%emt 0:00:00]} Nc6 {[%emt 0:00:30]} 9. Qb3 {[%emt 0:00:00]} Na5 {[%emt 0:02:30]} 10. Qd1 {[%emt 0:00:30]} Nc6 {[%emt 0:00:00]} 11. Bf4 {[%emt 0:00:30]} Bf5 {[%emt 0:01:00]} 12. Rc1 {[%emt 0:01:30]} Rc8 {[%emt 0:00:30]} 13. Re1 {[%emt 0:00:00]} Re8 {[%emt 0:00:30]} 14. h3 {[%emt 0:00:00]} Ne4 {[%emt 0:05:30]} 15. Ne5 {[%emt 0:01:30]} Nxe5 {[%emt 0:04:30]} 16. Nxe4 {[%emt 0:00:30]} Bxe4 {[%emt 0:01:30]} 17. dxe5 {[%emt 0:00:30]} Bxg2 {[%emt 0:01:30]} 18. Kxg2 {[%emt 0:00:30]} Rxc1 {[%emt 0:00:30]} 19. Qxc1 {[%emt 0:00:30]} Qc8 {[%emt 0:00:30]} 20. g4 {[%emt 0:00:30]} Bf8 {[%emt 0:00:30]} 21. Qxc8 {[%emt 0:00:30]} Rxc8 {[%emt 0:00:30]} 22. Rc1 {[%emt 0:00:30]} Rxc1 {[%emt 0:00:30]} 23. Bxc1 {[%emt 0:00:00]} Bg7 {[%emt 0:01:30]} 24. f4 {[%emt 0:00:00]} e6 {[%emt 0:00:30]} 25. Kf3 {[%emt 0:00:00]} Kf8 {[%emt 0:00:30]} 26. e4 {[%emt 0:00:00]} dxe4+ {[%emt 0:00:30]} 27. Kxe4 {[%emt 0:00:30]} Ke7 {[%emt 0:00:30]} 28. Be3 {[%emt 0:00:00]} b6 {[%emt 0:00:00]} 29. f5 {[%emt 0:00:00]} gxf5+ {[%emt 0:01:00]} 30. gxf5 {[%emt 0:00:00]} f6 {[%emt 0:04:30]} 1/2-1/2

[Event "2nd Turkish League 2017"]
[Site "Konya"]
[Date "2017.07.23"]
[Round "9"]
[White "Ozsoy, Damla"]
[Black "Baloglu, Dila"]
[Result "1/2-1/2"]
[WhiteElo "1490"]
[BlackElo "1379"]
[Annotator "NA"]
[PlyCount "61"]
[EventType "team-tourn"]
[EventCountry "TUR"]
[SourceTitle "playchess.com"]
[Source "ChessBase"]
[SourceQuality "1"]
[TimeControl "5400+30"]

1. e4 {[%emt 0:00:30]} c5 {[%emt 0:01:00]} 2. Nf3 {[%emt 0:00:30]} g6 {[%emt 0:00:30]} 3. d4 {[%emt 0:00:30]} cxd4 {[%emt 0:00:30]} 4. Nxd4 {[%emt 0:00:00]} Bg7 {[%emt 0:00:00]} 5. Be3 {[%emt 0:01:00]} Nf6 {[%emt 0:00:00]} 6. Nd2 {[%emt 0:00:30]} Nc6 {[%emt 0:00:00]} 7. c3 {[%emt 0:00:30]} O-O {[%emt 0:00:00]} 8. Be2 {[%emt 0:00:30]} d6 {[%emt 0:00:00]} 9. O-O {[%emt 0:00:30]} Bd7 {[%emt 0:00:00]} 10. h3 {[%emt 0:01:30]} Nxd4 {[%emt 0:00:00]} 11. cxd4 {[%emt 0:00:30]} Rc8 {[%emt 0:00:00]} 12. Qb3 {[%emt 0:00:30]} b6 {[%emt 0:00:30]} 13. Rac1 {[%emt 0:00:30]} Bc6 {[%emt 0:00:30]} 14. d5 {[%emt 0:02:30]} Bb7 {[%emt 0:00:30]} 15. Bd3 {[%emt 0:00:00]} Nd7 {[%emt 0:00:30]} 16. Qa3 {[%emt 0:02:00]} a5 {[%emt 0:01:30]} 17. Rxc8 {[%emt 0:03:30]} Bxc8 {[%emt 0:01:30]} 18. Nb3 {[%emt 0:01:30]} Nc5 {[%emt 0:03:30]} 19. Nxc5 {[%emt 0:00:30]} dxc5 {[%emt 0:00:30]} 20. b3 {[%emt 0:00:00]} e6 {[%emt 0:00:30]} 21. Bc4 {[%emt 0:01:00]} exd5 {[%emt 0:00:30]} 22. Bxd5 {[%emt 0:00:30]} Qc7 {[%emt 0:00:00]} 23. Qc1 {[%emt 0:00:30]} Bb7 {[%emt 0:00:00]} 24. Rd1 {[%emt 0:02:30]} Re8 {[%emt 0:02:30]} 25. Bf4 {[%emt 0:01:30]} Qc8 {[%emt 0:00:30]} 26. Qc4 {[%emt 0:01:30]} Qd7 {[%emt 0:00:30]} 27. Rc1 {[%emt 0:02:30]} Be5 {[%emt 0:00:30]} 28. Bxe5 {[%emt 0:00:30]} Rxe5 {[%emt 0:00:30]} 29. Bxb7 {[%emt 0:00:30]} Qxb7 {[%emt 0:00:30]} 30. f3 {[%emt 0:00:30]} Qd7 {[%emt 0:00:30]} 31. Qc2 {[%emt 0:00:30]} 1/2-1/2